[Event "Bayern KO"]
[Site "SchemingMind.com"]
[Date "2017.10.10"]
[Round "-"]
[White "Nouveau L"]
[Black "spoke"]
[Result "1-0"]
[WhiteCountry "FRA"]
[BlackCountry "GER"]
[WhiteElo "2254"]
[WhiteRD "88"]
[BlackElo "1729"]
[BlackRD "70"]
[GameID "419419"]

1. d4 Nf6 2. c4 g6 3. Nc3 Bg7 4. e4 d6 5. f3 O-O 6. Be3 e5 7. d5 Nh5 8. Qd2 f5 9. O-O-O f4 10. Bf2 Bf6
11. Qe1 b6 12. Be2 Na6 13. g4 fxg3 14. hxg3 Bg5+ 15. Kb1 Nc5 16. Nh3 Bd7 17. Nxg5 Qxg5 18. g4 Nf4 19. Bh4 Qh6 20. Be7 Qg7
21. Bxf8 Rxf8 22. b4 Nb7 23. Rd2 a5 24. a3 axb4 25. axb4 Ra8 26. Bd1 c5 27. dxc6 Bxc6 28. Rdh2 g5 29. Rxh7 Qxh7 30. Rxh7 Kxh7
31. Qf2 Kg7 32. Qxb6
1-0

[Event "Bayern KO"]
[Site "SchemingMind.com"]
[Date "2017.10.10"]
[Round "-"]
[White "spoke"]
[Black "Nouveau L"]
[Result "0-1"]
[WhiteCountry "GER"]
[BlackCountry "FRA"]
[WhiteElo "1729"]
[WhiteRD "70"]
[BlackElo "2254"]
[BlackRD "88"]
[GameID "419420"]

1. e4 c5 2. Nf3 d6 3. d4 cxd4 4. Nxd4 Nf6 5. Nc3 Nc6 6. Bc4 e6 7. O-O Be7 8. Bg5 O-O 9. a3 Bd7 10. Re1 Rc8
11. Ba2 h6 12. Bh4 Nxe4 13. Nxe4 Bxh4 14. Nxc6 Bxc6 15. Qxd6 Bxe4 16. Qxd8 Bxd8 17. Rxe4 Rxc2 18. Rae1 Ba5 19. R4e2 Rfc8 20. Rxc2 Rxc2
21. Bb1 Rxb2 22. Rc1 Kf8 23. g3 Bb6 24. Rf1 Bxf2+
0-1

[Event "Bayern KO"]
[Site "SchemingMind.com"]
[Date "2017.10.27"]
[Round "-"]
[White "cnbcad"]
[Black "kenneth m day"]
[Result "1/2-1/2"]
[WhiteCountry "USA"]
[BlackCountry "USA"]
[WhiteElo "1501"]
[WhiteRD "73"]
[BlackElo "1726"]
[BlackRD "63"]
[GameID "419976"]

1. Nf3 d5 2. d4 Nf6 3. g3 c6 4. Bg2 Bg4 5. Nbd2 Nbd7 6. c3 e6 7. b4 a5 8. a3 h6 9. Bb2 axb4 10. axb4 Bd6
11. O-O O-O 12. Rxa8 Qxa8 13. Qa1 Bf5 14. Nh4 Bh7 15. e3 g5 16. Nhf3 Qxa1 17. Rxa1 Ng4 18. e4 dxe4 19. Ne5 Ndxe5 20. dxe5 Bxe5
21. Nxe4 b6 22. Rc1 Bg6 23. h3 f5 24. hxg4 fxe4 25. Re1 c5 26. Bxe4 Bxe4 27. Rxe4 Bg7 28. Rxe6 Rf6 29. Re8+ Kf7=
1/2-1/2

[Event "Bayern KO"]
[Site "SchemingMind.com"]
[Date "2017.10.27"]
[Round "-"]
[White "kenneth m day"]
[Black "cnbcad"]
[Result "1-0"]
[WhiteCountry "USA"]
[BlackCountry "USA"]
[WhiteElo "1726"]
[WhiteRD "63"]
[BlackElo "1501"]
[BlackRD "73"]
[GameID "419977"]

1. e4 c5 2. d4 cxd4 3. c3 dxc3 4. Nxc3 g6 5. Bc4 d6 6. Nf3 Nf6 7. Bg5 Bg7 8. e5 Nfd7 9. exd6 Qa5 10. O-O O-O
11. Bxe7 Re8 12. Qc2 Ne5 13. Nxe5 Bxe5 14. Kh1 Qc5 15. Ne4 Qb6 16. Rab1 Bf5 17. Bd3 Bxe4 18. Bxe4 Nd7 19. Rfd1 Rac8 20. Qe2 Rc5
21. b3 Rec8 22. Qf3 Kg7 23. Bd5 f6 24. Be6 Rc2 25. Bxd7 Rxf2 26. Qxf2 Qxf2 27. Bxc8 Bxd6 28. Bxd6 Qxa2 29. Bf4 b5 30. Rd7+ Kf8
31. Bd6+ Kg8 32. Re1
1-0

[Event "Bayern KO"]
[Site "SchemingMind.com"]
[Date "2017.11.18"]
[Round "-"]
[White "ray winteringham"]
[Black "smothered mate"]
[Result "0-1"]
[WhiteCountry "ENG"]
[BlackCountry "POL"]
[WhiteElo "1443"]
[WhiteRD "51"]
[BlackElo "2109"]
[BlackRD "88"]
[GameID "420834"]

1. e4 e6 2. d4 d5 3. e5 c5 4. c3 Qb6 5. Nf3 f6 6. exf6 Nxf6 7. Be3 c4 8. Qc2 Be7 9. Be2 O-O 10. O-O Bd7
11. Ne5 Be8 12. h3 Nbd7 13. f4 Bd6 14. Nd2 Nxe5 15. fxe5 Bxe5 16. dxe5 Qxe3+ 17. Kh1 Bg6 18. Qd1 Ne4 19. Nxe4 Bxe4 20. Rg1 Qxh3#
0-1

[Event "Bayern KO"]
[Site "SchemingMind.com"]
[Date "2017.11.18"]
[Round "-"]
[White "fu_manchu"]
[Black "frankly"]
[Result "0-1"]
[WhiteCountry "CAN"]
[BlackCountry "ENG"]
[WhiteElo "1827"]
[WhiteRD "71"]
[BlackElo "2655"]
[BlackRD "61"]
[GameID "420836"]

1. d4 Nf6 2. c4 e6 3. Nf3 b6 4. g3 Ba6 5. Qa4 Bb7 6. Bg2 c5 7. e3 Be7 8. O-O O-O 9. Nc3 Qc7 10. Bd2 a6
11. Qc2 cxd4 12. exd4 Qxc4 13. Ne5 Qc7 14. Rac1 Bxg2 15. Kxg2 Nc6 16. Nxc6 Qxc6+ 17. Kg1 Rac8 18. Qd3 Qc4 19. Qxc4 Rxc4 20. Ne2 Rfc8
21. f3 Rc2 22. Rfd1 R8c6 23. Nc3 Rxb2 24. Be3 b5 25. Ne4 Rxa2 26. Rxc6 dxc6 27. Rc1 Nd5 28. Bf2 b4 29. Rxc6 h5 30. Rc8+ Kh7
31. Nc5 a5 32. Ra8 Bxc5 33. dxc5 b3
0-1

[Event "Bayern KO"]
[Site "SchemingMind.com"]
[Date "2017.11.18"]
[Round "-"]
[White "frankly"]
[Black "fu_manchu"]
[Result "1-0"]
[WhiteCountry "ENG"]
[BlackCountry "CAN"]
[WhiteElo "2625"]
[WhiteRD "62"]
[BlackElo "1880"]
[BlackRD "70"]
[GameID "420837"]

1. e4 c5 2. Nf3 d6 3. d4 cxd4 4. Nxd4 Nf6 5. Nc3 a6 6. Be3 e5 7. Nb3 Be7 8. f3 O-O 9. Qd2 Be6 10. O-O-O Nc6
11. Kb1 b5 12. Nd5 Rb8 13. Be2 a5 14. Nxe7+ Qxe7 15. Qxd6 Qxd6 16. Rxd6 Rfc8 17. Nc5 Nd4 18. Bxd4 exd4 19. Nxe6 fxe6 20. Rxe6 Rd8
21. Ra6 a4 22. Ra5 Nd7 23. Bxb5
1-0

[Event "Bayern KO"]
[Site "SchemingMind.com"]
[Date "2017.11.22"]
[Round "-"]
[White "Helga1946"]
[Black "aliwood"]
[Result "1-0"]
[WhiteCountry "GER"]
[BlackCountry "ENG"]
[WhiteElo "2228"]
[WhiteRD "67"]
[BlackElo "1279"]
[BlackRD "64"]
[GameID "420838"]

1. c4 e5 2. Nc3 Nf6 3. e3 Nc6 4. Nf3 Be7 5. d4 exd4 6. exd4 d5 7. cxd5 Nxd5 8. Bc4 Be6 9. Ne5 Nxe5 10. Bxd5 Bxd5
11. dxe5 c6 12. Nxd5 Bc5 13. Nc3 Qxd1+ 14. Nxd1 O-O 15. Be3 Bxe3 16. Nxe3 Rad8 17. Rd1 Rde8 18. Rd7 Rb8 19. Ke2 Rfe8 20. f4 a5
21. Rhd1 b5 22. Nf5 f6 23. Rxg7+ Kf8 24. Rd6 fxe5 25. Rf6#
1-0

[Event "Bayern KO"]
[Site "SchemingMind.com"]
[Date "2017.11.22"]
[Round "-"]
[White "aliwood"]
[Black "Helga1946"]
[Result "0-1"]
[WhiteCountry "ENG"]
[BlackCountry "GER"]
[WhiteElo "1301"]
[WhiteRD "55"]
[BlackElo "2221"]
[BlackRD "71"]
[GameID "420839"]

1. Nf3 Nf6 2. c4 h6 3. d4 d6 4. Nc3 Bf5 5. g3 c6 6. Bg2 Qb6 7. O-O Nbd7 8. Be3 Qxb2 9. Rc1 g5 10. c5 d5
11. Bd2 Ne4 12. Rb1 Nxc3
0-1

[Event "Bayern KO"]
[Site "SchemingMind.com"]
[Date "2017.11.18"]
[Round "-"]
[White "Scooter"]
[Black "grabapawn"]
[Result "0-1"]
[WhiteCountry "USA"]
[BlackCountry "USA"]
[WhiteElo "1688"]
[WhiteRD "56"]
[BlackElo "1573"]
[BlackRD "54"]
[GameID "420840"]

1. d4 d6 2. Nf3 Nf6 3. Bf4 h6 4. e3 Nbd7 5. Be2 g5 6. Bg3 Nh5 7. Nbd2 Ndf6 8. h3 Nxg3 9. fxg3 g4 10. Nh4 h5
11. hxg4 Bxg4 12. Bxg4 Nxg4 13. Qe2 e5 14. O-O-O Qg5 15. Rde1 Bh6 16. Qb5+ Ke7 17. Qxb7 Rac8 18. Nhf3 Qg6 19. dxe5 Nxe3 20. exd6+ Kxd6
21. Qa6+ Ke7 22. Qxg6 fxg6 23. Nc4 Rhe8 24. Nxe3 Kf6 25. Kd2 Rcd8+ 26. Kc3 Rxe3+ 27. Rxe3 Bxe3 28. Re1 Bb6 29. b4 a5 30. a3 axb4+
31. axb4 Bf2 32. Re4 Bxg3 33. Nd4 Be5 34. Kc4 Rxd4+ 35. Rxd4 Bxd4 36. Kxd4 Ke6 37. c4 Kd6 38. Ke4 Ke6 39. b5 g5 40. g3 h4
41. gxh4 gxh4 42. Kf4 Kd6 43. Kg4 Kc5 44. Kxh4 Kxc4 45. Kg3 Kxb5 46. Kf3 Kc4 47. Ke3 c5 48. Kd2 Kb3 49. Kc1 c4 50. Kb1 c3
51. Ka1 Kc2
0-1

[Event "Bayern KO"]
[Site "SchemingMind.com"]
[Date "2017.11.18"]
[Round "-"]
[White "grabapawn"]
[Black "Scooter"]
[Result "0-1"]
[WhiteCountry "USA"]
[BlackCountry "USA"]
[WhiteElo "1573"]
[WhiteRD "54"]
[BlackElo "1688"]
[BlackRD "56"]
[GameID "420841"]

1. d4 Nf6 2. Bf4 g6 3. Nd2 Bg7 4. e3 O-O 5. Bc4 b6 6. Ngf3 Bb7 7. Qe2 d5 8. Bd3 Nbd7 9. h3 Re8 10. g4 c5
11. c3 Ne4 12. h4 Ndf6 13. Ne5 e6 14. g5 Nd7 15. h5 Nxe5 16. dxe5 Nxg5 17. hxg6 fxg6 18. Qg4 Nf7 19. Bxg6 hxg6 20. Qxg6 Qd7
21. Rh7 Nh8 22. Qh5 Qf7 23. Qh3 Qf5 24. Qxf5 exf5 25. Rh5 Bc8 26. O-O-O Be6 27. Rg1 Re7 28. Nf3 Bf7 29. Rh2 Ng6 30. Bh6 Bxe5
31. Rh3 Bg7 32. Ng5 Bxh6 33. Rxh6 Kg7 34. Rh7+ Kf6 35. Nxf7 Rxf7 36. Rxf7+ Kxf7 37. Rh1 Rh8 38. Rxh8 Nxh8 39. Kd2 Ke6 40. f3 Ke5
41. b3 Ng6 42. Kd3 f4 43. a3 fxe3 44. Kxe3 Nf4 45. a4 d4+ 46. cxd4+ cxd4+ 47. Kd2 Kd5 48. Kc2 Kc5 49. Kb2 Kb4 50. Kc2 d3+
0-1

[Event "Bayern KO"]
[Site "SchemingMind.com"]
[Date "2017.11.19"]
[Round "-"]
[White "Wojtek26"]
[Black "Kenny Elliott"]
[Result "0-1"]
[WhiteCountry "POL"]
[BlackCountry "USA"]
[WhiteElo "1506"]
[WhiteRD "54"]
[BlackElo "1615"]
[BlackRD "73"]
[GameID "420842"]

1. d4 Nf6 2. c4 g6 3. e3 Bg7 4. Nf3 d6 5. Be2 O-O 6. O-O c6 7. Nc3 Bg4 8. h3 Bxf3 9. Bxf3 Nbd7 10. b3 Rb8
11. Bb2 a6 12. Qc2 e5 13. dxe5 Nxe5 14. Ne4 Nxf3+ 15. gxf3 Nxe4 16. Bxg7 Qg5+ 17. Kh2 Kxg7 18. Qxe4 Qe5+ 19. Qxe5+ dxe5 20. Rfd1 Rbd8
21. Kg3 f5 22. f4 e4 23. Rac1 Rd3 24. Kg2 Rfd8 25. Re1 Rd2 26. Ra1 Kh6 27. Kf1 Rc2 28. Re2 Rdd2 29. Rxd2 Rxd2 30. Ke1 Rd3
31. Ke2 Kh5 32. Kf1 Kh4 33. Kg2 h6 34. Rg1 Rd2 35. Ra1 g5 36. fxg5 hxg5 37. c5 f4 38. exf4 gxf4 39. a3 f3+ 40. Kf1 Kxh3
41. b4 Kg4 42. a4 Kf4 43. b5 e3 44. fxe3+ Kxe3 45. bxc6 bxc6 46. Ra3+ Rd3 47. Ra1 f2 48. a5 Rd2 49. Ra3+ Kd4 50. Rf3 Kxc5
51. Rf5+ Kb4 52. Rf6 Kxa5 53. Rf5+ Kb6
0-1

[Event "Bayern KO"]
[Site "SchemingMind.com"]
[Date "2017.11.18"]
[Round "-"]
[White "Kenny Elliott"]
[Black "Wojtek26"]
[Result "0-1"]
[WhiteCountry "USA"]
[BlackCountry "POL"]
[WhiteElo "1615"]
[WhiteRD "73"]
[BlackElo "1506"]
[BlackRD "54"]
[GameID "420843"]

1. d4 d5 2. c4 e6 3. Nf3 Nf6 4. Nc3 Bb4 5. Bd2 dxc4 6. e4 Bxc3 7. Bxc3 Nxe4 8. Qa4+ Bd7 9. Qxc4 Nxc3 10. bxc3 O-O
11. Bd3 a6 12. O-O Bb5 13. Qb4 Bxd3 14. Qxb7 Nd7 15. Ne5 Nxe5 16. Rfd1 Rb8 17. Qxb8 Qxb8 18. dxe5 Be4 19. Rab1 Qe8 20. Rb4 Bf5
21. Rd2 Qc6 22. c4 a5
0-1

[Event "Bayern KO"]
[Site "SchemingMind.com"]
[Date "2017.12.06"]
[Round "-"]
[White "Chessibelle"]
[Black "Nouveau L"]
[Result "0-1"]
[WhiteCountry "ENG"]
[BlackCountry "FRA"]
[WhiteElo "1107"]
[WhiteRD "60"]
[BlackElo "2254"]
[BlackRD "88"]
[GameID "421632"]

1. e4 c5 2. d3 Nc6 3. b3 Nf6 4. Nf3 d5 5. Nbd2 e5 6. g3 Bd6 7. Bg2 d4 8. O-O O-O 9. Ng5 Bc7 10. Ndf3 h6
11. Nh3 Bd7 12. Bd2 Qc8 13. Nh4 Bxh3 14. Qf3 Bg4
0-1

[Event "Bayern KO"]
[Site "SchemingMind.com"]
[Date "2017.12.06"]
[Round "-"]
[White "Nouveau L"]
[Black "Chessibelle"]
[Result "1-0"]
[WhiteCountry "FRA"]
[BlackCountry "ENG"]
[WhiteElo "2254"]
[WhiteRD "88"]
[BlackElo "1107"]
[BlackRD "60"]
[GameID "421633"]

1. d4 d5 2. c4 Nf6 3. cxd5 Nxd5 4. e4 Nf6 5. Nc3 e6 6. Nf3 Nc6 7. a3 g6 8. Qc2 Bd7 9. Bf4 Bg7 10. Bc4 a6
11. O-O O-O 12. Rad1 Ng4 13. e5 f6 14. d5 Qc8 15. dxc6 Bxc6 16. Qb3 Be8 17. Bxe6+
1-0

[Event "Bayern KO"]
[Site "SchemingMind.com"]
[Date "2017.12.21"]
[Round "-"]
[White "smothered mate"]
[Black "Ronald R. Nurmi"]
[Result "1-0"]
[WhiteCountry "POL"]
[BlackCountry "USA"]
[WhiteElo "2115"]
[WhiteRD "82"]
[BlackElo "1762"]
[BlackRD "77"]
[GameID "422040"]

1. e4 d5 2. exd5 Qxd5 3. Nc3 Qd6 4. g3 Nf6 5. Bg2 c6 6. Nf3 Bg4 7. d4 e6 8. h3 Bxf3 9. Bxf3 Nbd7 10. Bf4 e5
11. dxe5 Nxe5 12. Qe2 Nd7 13. Rd1 Qf6 14. Rxd7 Kxd7 15. Bxe5 Qe6 16. O-O f6 17. Bg4 f5 18. Rd1+ Ke7 19. Rd6 Qc8 20. Bf4+ Kf7
21. Qc4+
1-0

[Event "Bayern KO"]
[Site "SchemingMind.com"]
[Date "2017.12.21"]
[Round "-"]
[White "Ronald R. Nurmi"]
[Black "smothered mate"]
[Result "0-1"]
[WhiteCountry "USA"]
[BlackCountry "POL"]
[WhiteElo "1785"]
[WhiteRD "77"]
[BlackElo "2093"]
[BlackRD "84"]
[GameID "422041"]

1. d4 d5 2. Bf4 e6 3. e3 c5 4. c3 Nc6 5. Nd2 Nf6 6. Ngf3 Be7 7. h3 c4 8. g4 Bd7 9. Ne5 Nxe5 10. dxe5 Ng8
11. e4 Bc6 12. exd5 Bxd5 13. Rg1 Qb6 14. Bxc4 Bh4 15. Be3 Qxe3+
0-1

[Event "Bayern KO"]
[Site "SchemingMind.com"]
[Date "2017.12.17"]
[Round "-"]
[White "Scooter"]
[Black "Nouveau L"]
[Result "0-1"]
[WhiteCountry "USA"]
[BlackCountry "FRA"]
[WhiteElo "1671"]
[WhiteRD "51"]
[BlackElo "2300"]
[BlackRD "87"]
[GameID "422050"]

1. d4 Nf6 2. Nf3 e6 3. Bg5 c5 4. e3 Be7 5. c3 b6 6. Be2 Bb7 7. O-O O-O 8. Nbd2 d6 9. h3 Nbd7 10. Qc2 Rc8
11. Qb3 Nd5 12. Bxe7 Qxe7 13. Bc4 N5f6 14. Rfe1 Rfd8 15. Bb5 d5 16. dxc5 Nxc5 17. Qd1 e5 18. Nb3 h6 19. Nxc5 bxc5 20. Qa4 c4
21. Qxa7 Ra8 22. Qb6 Rdb8
0-1

[Event "Bayern KO"]
[Site "SchemingMind.com"]
[Date "2017.12.29"]
[Round "-"]
[White "Greg Magne"]
[Black "kenneth m day"]
[Result "1-0"]
[WhiteCountry "CAN"]
[BlackCountry "USA"]
[WhiteElo "1740"]
[WhiteRD "92"]
[BlackElo "1759"]
[BlackRD "62"]
[GameID "422543"]

1. Nf3 d5 2. d4 Nf6 3. c4 c6 4. Nc3 Bf5 5. Bg5 Nbd7 6. e3 e6 7. Bd3 Bxd3 8. Qxd3 Be7 9. O-O O-O 10. Rfd1 h6
11. Bh4 dxc4 12. Qxc4 Nb6 13. Qb3 Qc7 14. Rac1 Rad8 15. e4 g5 16. Bg3 Qc8 17. Ne5 Nh5 18. d5 Nxg3 19. hxg3 cxd5 20. Nxd5 Qb8
21. Nxe7+ Kh8 22. N7g6+ fxg6 23. Nxg6+ Kg7 24. Nxf8
1-0

[Event "Bayern KO"]
[Site "SchemingMind.com"]
[Date "2017.12.29"]
[Round "-"]
[White "kenneth m day"]
[Black "Greg Magne"]
[Result "0-1"]
[WhiteCountry "USA"]
[BlackCountry "CAN"]
[WhiteElo "1717"]
[WhiteRD "58"]
[BlackElo "1741"]
[BlackRD "92"]
[GameID "422544"]

1. e4 c5 2. d4 cxd4 3. c3 dxc3 4. Nxc3 Nc6 5. Nf3 d6 6. Bc4 e6 7. O-O Nf6 8. Qe2 a6 9. Bg5 Be7 10. Rfd1 Qc7
11. Rac1 O-O 12. Qe3 b5 13. Bb3 Bb7 14. h3 Rac8 15. Ne2 h6 16. Bxh6 gxh6 17. Qxh6 Nh7 18. Nf4 Bf6 19. Nh5 Bh8 20. Bc2 f6
21. Qg6+ Bg7 22. e5 f5 23. exd6 Qf7 24. Qxf7+= Rxf7 25. d7 Rd8 26. Rd6 Nf8 27. Bb3 Rdxd7 28. Rxd7 Rxd7 29. Ng5 Nd4 30. Bd1 Nh7
31. Nxh7 Kxh7 32. Nxg7 Kxg7 33. g3 Bf3 34. Bxf3 Nxf3+ 35. Kg2 Ne5 36. Rc2 Nc4 37. b3 Rd2 38. Rc3 Ne5 39. a3 Nd3 40. Rc6 Rxf2+
41. Kg1 Rf3 42. Kg2 Rf2+ 43. Kg1 Rb2 44. b4 Kf6 45. Rxa6 Ra2 46. Ra5 e5 47. Rxb5 Rxa3 48. Rb6+ Ke7 49. Kg2 Rb3 50. b5 e4
51. Kf1 Rb2 52. h4 e3 53. Rb7+ Kf6
0-1

[Event "Bayern KO"]
[Site "SchemingMind.com"]
[Date "2018.02.17"]
[Round "-"]
[White "smothered mate"]
[Black "frankly"]
[Result "0-1"]
[WhiteCountry "POL"]
[BlackCountry "ENG"]
[WhiteElo "2078"]
[WhiteRD "80"]
[BlackElo "2620"]
[BlackRD "70"]
[GameID "424813"]

1. e4 c5 2. Nf3 Nc6 3. d4 cxd4 4. Nxd4 Nf6 5. Nc3 e5 6. Ndb5 d6 7. Bg5 a6 8. Na3 b5 9. Nd5 Be7 10. Bxf6 Bxf6
11. c3 Ne7 12. Nc2 Bg5 13. Nce3 O-O 14. a4 Bd7 15. axb5 axb5 16. Rxa8 Qxa8 17. h4 Nxd5 18. Nxd5 Bd8 19. Bd3 Bc6 20. h5 Bxd5
21. exd5 e4 22. Bxb5 Qa2 23. O-O Qxb2 24. Qb1 Qxb1 25. Rxb1 g6 26. Bd7 Ba5 27. c4 Bc3 28. Kf1 Kg7 29. Rb3 Bd4 30. Bc6 gxh5
31. g3 Kg6 32. f3 e3 33. Ke2 Kg5 34. Rd3 Bc5 35. Rb3 h4 36. gxh4+ Kxh4 37. Rb1 h5 38. Rg1 Rb8 39. f4 Rb2+ 40. Kf3 Rf2+
0-1

[Event "Bayern KO"]
[Site "SchemingMind.com"]
[Date "2018.02.17"]
[Round "-"]
[White "frankly"]
[Black "smothered mate"]
[Result "1-0"]
[WhiteCountry "ENG"]
[BlackCountry "POL"]
[WhiteElo "2633"]
[WhiteRD "68"]
[BlackElo "2159"]
[BlackRD "87"]
[GameID "424814"]

1. d4 Nf6 2. c4 c5 3. d5 b5 4. cxb5 a6 5. bxa6 d6 6. Nc3 Bxa6 7. Nf3 g6 8. g3 Bg7 9. Bg2 O-O 10. O-O Ne8
11. Qc2 Qb6 12. Rd1 Nc7 13. e3 Nd7 14. b3 Rfb8 15. Bb2 c4 16. Na4 cxb3 17. axb3 Qb7 18. Bxg7 Kxg7 19. Nd4 Nb5 20. Nc6 Re8
21. Qb2+ f6 22. Bh3 Ne5 23. Nxe5 dxe5 24. Rdc1 Nd6 25. Nc5 Qb5 26. Bd7
1-0

[Event "Bayern KO"]
[Site "SchemingMind.com"]
[Date "2018.04.07"]
[Round "-"]
[White "Wojtek26"]
[Black "Greg Magne"]
[Result "1-0"]
[WhiteCountry "POL"]
[BlackCountry "CAN"]
[WhiteElo "1579"]
[WhiteRD "63"]
[BlackElo "1653"]
[BlackRD "80"]
[GameID "426757"]

1. d4 d5 2. c4 c6 3. e3 Nf6 4. c5 Nbd7 5. Nf3 Qc7 6. Be2 e5 7. O-O e4 8. Nfd2 b6 9. cxb6 axb6 10. Nc3 Bd6
11. h3 Bb7 12. f3 exf3 13. Nxf3 O-O 14. Bd3 Rfe8 15. Qc2 Rec8 16. Ng5 h6 17. Nh7 Ba6 18. Nxf6+ Nxf6 19. Rxf6 gxf6 20. Bh7+ Kg7
21. Bf5 Rg8 22. e4 Bf4 23. exd5 Bxc1 24. Rxc1 cxd5 25. Nxd5 Qd6 26. Qe4 Bb7 27. Qg4+ Kf8 28. Qh5 Qxd5 29. Qxh6+ Ke8 30. Re1+ Kd8
31. Qxf6+ Kc7 32. Re7+ Kb8 33. Be4 Qxe4 34. Rxe4 Bxe4 35. Qe5+ Ka7 36. Qxe4 Rae8 37. Qf5 Re7 38. Qf6 Rge8 39. d5 Re1+ 40. Kh2 R8e2
41. Qxf7+ Ka6 42. h4 Rb1 43. d6 Rbxb2 44. Qg8 Rxa2 45. d7
1-0

[Event "Bayern KO"]
[Site "SchemingMind.com"]
[Date "2018.04.07"]
[Round "-"]
[White "Greg Magne"]
[Black "Wojtek26"]
[Result "1/2-1/2"]
[WhiteCountry "CAN"]
[BlackCountry "POL"]
[WhiteElo "1741"]
[WhiteRD "92"]
[BlackElo "1498"]
[BlackRD "62"]
[GameID "426758"]

1. d4 d5 2. c4 e6 3. Nc3 Nf6 4. Bg5 Nbd7 5. Nf3 h6 6. Bh4 Be7 7. cxd5 Nxd5 8. Bxe7 Nxe7 9. e4 O-O 10. Bc4 c5
11. O-O b6 12. Re1 Bb7 13. d5 exd5 14. exd5 Nf6 15. h3 Nexd5 16. Qb3 Nxc3 17. bxc3 Bxf3 18. gxf3 Qd2 19. Re7 Qg5+ 20. Kh1 Qg6
21. Rae1 Rae8 22. R1e3 Qh5 23. Kg2 Qg5+ 24. Kh2 Qf4+ 25. Kg2 Qg5+ 26. Kh2 Qf4+ 27. Kg2 Qg5+=
1/2-1/2

[Event "Bayern KO"]
[Site "SchemingMind.com"]
[Date "2018.06.12"]
[Round "-"]
[White "frankly"]
[Black "Wojtek26"]
[Result "1-0"]
[WhiteCountry "ENG"]
[BlackCountry "POL"]
[WhiteElo "2607"]
[WhiteRD "70"]
[BlackElo "1633"]
[BlackRD "63"]
[GameID "429243"]

1. d4 d5 2. Nf3 e6 3. c4 Nf6 4. Nc3 Bb4 5. Bg5 dxc4 6. e4 h6 7. Bxf6 Qxf6 8. Bxc4 O-O 9. e5 Qg6 10. Bd3 Qh5
11. h3 b6 12. g4
1-0

[Event "Bayern KO"]
[Site "SchemingMind.com"]
[Date "2018.06.12"]
[Round "-"]
[White "Wojtek26"]
[Black "frankly"]
[Result "0-1"]
[WhiteCountry "POL"]
[BlackCountry "ENG"]
[WhiteElo "1633"]
[WhiteRD "63"]
[BlackElo "2607"]
[BlackRD "70"]
[GameID "429244"]

1. d4 Nf6 2. e3 g6 3. Nf3 Bg7 4. c4 O-O 5. Be2 c5 6. O-O cxd4 7. exd4 d5 8. c5 Nc6 9. Nc3 Ne4 10. Nxe4 dxe4
11. Nd2 Qxd4 12. Rb1 Be6 13. b3 Rad8 14. Rb2 e3 15. fxe3 Qxe3+ 16. Kh1 Bxb2 17. Bxb2 Rxd2
0-1